Library Logo

Pioneer International University Library Catalogue

Nyuso za wanawake (Record no. 9452)

MARC details
000 -LEADER
fixed length control field 00351nam a22001337a 4500
005 - DATE AND TIME OF LATEST TRANSACTION
control field 20250901165814.0
008 - FIXED-LENGTH DATA ELEMENTS--GENERAL INFORMATION
fixed length control field 250328b |||||||| |||| 00| 0 eng d
020 ## - INTERNATIONAL STANDARD BOOK NUMBER
International Standard Book Number 9789966364455
050 ## - LIBRARY OF CONGRESS CALL NUMBER
Classification number PL 8704 .M64 2010
245 ## - TITLE STATEMENT
Title Nyuso za wanawake
Statement of responsibility, etc. Said A. Mohamed
260 ## - PUBLICATION, DISTRIBUTION, ETC.
Place of publication, distribution, etc. Nairobi:
Name of publisher, distributor, etc. Sasa sema,
Date of publication, distribution, etc. c2010.
300 ## - PHYSICAL DESCRIPTION
Extent vii, 342p.:
Dimensions 18 cm.
942 ## - ADDED ENTRY ELEMENTS (KOHA)
Source of classification or shelving scheme Library of Congress Classification
Holdings
Withdrawn status Lost status Source of classification or shelving scheme Damaged status Not for loan Collection Home library Current library Shelving location Date acquired Source of acquisition Total checkouts Full call number Barcode Date last seen Copy number Price effective from Koha item type
    Library of Congress Classification       Main Library Main Library   03/28/2025 Donation from KICD   PL 8704 .M64 2010 PIUD0000421 03/28/2025 1 03/28/2025 Books
    Library of Congress Classification       Main Library Main Library   03/28/2025 Donation from KICD   PL 8704 .M64 2010 PIUD0000422 03/28/2025 2 03/28/2025 Books